Guess the 1970s song lyrics #268 - Statistics

General Stats
  • This quiz has been taken 14 times
  • The average score is 193 of 319
Answer Stats
Answer % Correct
I
100%
a
92%
love
92%
you
92%
You
92%
your
92%
And
83%
and
83%
can
83%
hear
83%
in
83%
is
83%
It
83%
it
83%
me
83%
my
83%
of
83%
on
83%
On
83%
that
83%
the
83%
The
83%
Then
83%
they
83%
They
83%
to
83%
what
83%
when
83%
be
75%
don't
75%
how
75%
I'm
75%
said
75%
was
75%
we
75%
by
67%
for
67%
have
67%
If
67%
just
67%
know
67%
not
67%
only
67%
so
67%
too
67%
why
67%
with
67%
are
58%
but
58%
But
58%
heart
58%
here
58%
Now
58%
now
58%
oh
58%
Oh
58%
radio
58%
say
58%
been
50%
Cause
50%
feel
50%
him
50%
I've
50%
knew
50%
man
50%
our
50%
out
50%
over
50%
sad
50%
still
50%
thing
50%
told
50%
wanna
50%
you'll
50%
couldn't
42%
heard
42%
isn't
42%
last
42%
made
42%
name
42%
right
42%
sent
42%
think
42%
up
42%
wrote
42%
Yeah
42%
air
33%
away
33%
feeling
33%
find
33%
found
33%
letter
33%
meant
33%
must
33%
never
33%
real
33%
really
33%
Someone
33%
song
33%
Whoa
33%
whoa
33%
words
33%
world
33%
ago
25%
comin
25%
felt
25%
long
25%
may
25%
soul
25%
Things
25%
tune
25%
broke
17%
brown
17%
chance
17%
fallen
17%
hole
17%
home
17%
June
17%
kinda
17%
lost
17%
loud
17%
old
17%
overcoat
17%
proud
17%
same
17%
shocked
17%
since
17%
sitting
17%
soon
17%
surprised
17%
wondered
17%
sounded
8%
strike
8%
yourself
8%
No matching quizzes found
Score Distribution
Percent of People with Each Score
Percentile by Number Answered
Your Score History
You have not taken this quiz